| 000 | 00506nam a2200169Ia 4500 | ||
|---|---|---|---|
| 008 | 090201s9999 xx 000 0 und d | ||
| 010 | _aKPL-28417 | ||
| 040 | _bमराठी | ||
| 041 | _aमराठी | ||
| 082 |
_a29760 _b28417 |
||
| 100 | _aचिंतामणी लागू | ||
| 245 |
_aसंदेश _cचिंतामणी लागू |
||
| 260 |
_c2004 _bसुप्रीया मराठे |
||
| 300 |
_a206 _bमोठा |
||
| 600 | _aसंदेश | ||
| 942 | _cBOOK | ||
| 999 |
_c228354 _d228354 |
||